Statistics for 10 Largest US National Forests

Click here to take the quiz!

General Stats

  • This quiz has been taken 17 times
  • The average score is 4 of 10

Answer Stats

StateForestArea (km2)% Correct
IdahoSalmon-Challis17,106
57%
AlaskaTongass67,778
57%
WyomingBridger-Teton13,692
50%
AlaskaChugach21,930
50%
California, NevadaHumboldt-Toiyabe25,459
43%
ArizonaTonto11,601
43%
New MexicoGila10,758
36%
IdahoBoise10,717
29%
MontanaBeaverhead-Deerlodge13,608
14%
Idaho, Montana, WashingtonIdaho Panhandle12,442
14%

Score Distribution

Percentile by Number Answered

Percent of People with Each Score

Your Score History

You have not taken this quiz